Compendio de historia general
Guardado en:
| Autor principal: | |
|---|---|
| Otros Autores: | |
| Formato: | Libro |
| Lenguaje: | español |
| Publicado: |
Granada :
Editorial Librería Prieto,
[1941- ]
|
| Catálogo: | MANES: Resultados de Búsqueda del Catálogo |
| Clasificación de libros de texto: |
|
| Materias: | |
| Etiquetas: |
Agregar Etiqueta
Sin Etiquetas, Sea el primero en etiquetar este registro!
|
| Añadido a: | 2000-04-26 |
| Cambiado en: | 2025-05-07 |
MARC
| LEADER | 00000cam a2200000 i 4500 | ||
|---|---|---|---|
| 005 | 20250507134546.0 | ||
| 008 | 000427m1941uuuuespao fp 000 0 spa | ||
| 040 | |a uned |b spa |c entro-manes | ||
| 100 | 1 | |a Izquierdo Croselles, Juan . |9 20580 | |
| 245 | 1 | 0 | |a Compendio de historia general / |c por Juan y Joaquín Izquierdo Croselles |
| 260 | |a Granada : |b Editorial Librería Prieto, |c [1941- ] | ||
| 300 | |a [2] v. | ||
| 505 | 1 | |a Contiene: |g V. 1. |t Edad Antigua - |g V. 3. |t Edad moderna | |
| 546 | |a España | ||
| 561 | |5 es-BUNED |3 L.T. 4281 |a España. Fondo Manes UNED |k MANES | ||
| 690 | 0 | |a HI | |
| 650 | 7 | |a Prehistoria |9 38727 | |
| 700 | 1 | |a Izquierdo Croselles, Joaquín . |9 14036 | |
| 942 | |2 ddc |c BK | ||
| 999 | |c 97270 |d 97270 | ||
| 999 | |c manes:97270 |d 97270 | ||